| 000 | 00503nam a2200193Ia 4500 | ||
|---|---|---|---|
| 003 | GCL | ||
| 008 | 140319s9999 xx 000 0 eng d | ||
| 040 |
_aGCL / _cGCL |
||
| 082 | 0 | 4 |
_aCC _b069.0962 _bE E |
| 100 | 1 | _aE.A.O. | |
| 245 | 1 | 0 |
_aA GUIDE TO THE EGYPTIAN MUSEUM IN CAIRO / _cE.A.O. |
| 260 |
_a[S.N] : _bEGYPTIAN ANTIQUITIES ORGANIZATION ، _c1992 |
||
| 300 | _a386 p | ||
| 650 | 0 | 4 | _aANCIENT EGYPT |
| 650 | 0 | 4 | _aCAIRO |
| 650 | 0 | 4 | _aARCHAEOLOGY |
| 650 | 0 | 4 | _aEGYPT, MUSEUMS |
| 942 |
_2ddc _cBK |
||
| 999 |
_c21282 _d21282 |
||